000 00389nam a2200157Ia 4500
008 230605s2000 xx 000 0 und d
041 _aeng
100 _aLattin G.W.
245 _aIntroduction to the Hospitality Industry
250 _a4th
260 _bEducation Ins American Hotel / Motel A
_c2000
300 _a391p
520 _aGeneral
520 _aHard Board
650 _aHos.
999 _c420731
_d420731